| 000 | 00334nam a22001457a 4500 | ||
|---|---|---|---|
| 003 | SGT | ||
| 020 | _a9788131240311 | ||
| 082 |
_a611.0183 _bA15P |
||
| 100 | _a Harikrishnan Prasad | ||
| 245 | _aAtlas of Oral Histology | ||
| 260 |
_aNEW DELHI _bElsevier India _c2015 |
||
| 300 | _a76 | ||
| 650 | _aOral Histology | ||
| 942 |
_2ddc _cBK _03 |
||
| 999 |
_c15569 _d15569 |
||